| 000 | 01406cam a2200325 i 4500 | ||
|---|---|---|---|
| 003 | SA-RiAUC | ||
| 005 | 20250512094349.0 | ||
| 008 | 250512s1987 su f b f00000 ara c | ||
| 020 | _a1000002876 | ||
| 040 |
_aSA-RiAUC _bara _cSA-RiAUC _dSA-RiSWA _erda |
||
| 043 | _aa-su--- | ||
| 050 | 4 | _bD83 1987 | |
| 082 | 0 | 4 |
_a686.209531 _qSA-RiAUC |
| 090 |
_a686.209531 _b ض ب ي |
||
| 100 | 1 |
_aالضبيب، أحمد محمد، _d1354 هجري- _eمؤلف. |
|
| 245 | 1 | 0 |
_aبواكير الطباعة والمطبوعات في بلاد الحرمين الشريفين / _cأحمد محمد الضبيب. |
| 246 | 3 | 0 | _aالمطبوعات في بلاد الحرمين الشريفين |
| 264 | 1 |
_aالرياض : _bمكتبة الملك فهد، _c1987 |
|
| 300 |
_a45 صفحة ؛ _c27 سم. |
||
| 336 |
_aنص _btxt _2rdacontent _3كتاب |
||
| 337 |
_aبدون وسيط _bn _2rdamedia |
||
| 338 |
_aمجلد _bnc _2rdacarrier |
||
| 490 | 1 |
_aمطبوعات مكتبة الملك فهد الوطنية. _aالسلسلة الأولى ؛ _v2 |
|
| 504 | _aببليوجرافية : صفحة 45. | ||
| 650 | 7 |
_aالطباعة _zالسعودية _xتاريخ _2aucsh |
|
| 651 | 7 |
_aالسعودية _vمطبوعات _2aucsh |
|
| 830 | 0 |
_aمطبوعات مكتبة الملك فهد الوطنية. _nالسلسلة الأولى _v2 |
|
| 942 |
_2ddc _cBOOK _n0 |
||
| 949 |
_aSA-JeALM _d250512 _umohamedma123 _n1 |
||
| 999 |
_c7863 _d7863 |
||